Reed's Vol. 11: engineering drawing for marine engineers / (Record no. 1646)
[ view plain ]
| 000 -LEADER | |
|---|---|
| fixed length control field | 00486nam a2200157 4500 |
| 008 - FIXED-LENGTH DATA ELEMENTS--GENERAL INFORMATION | |
| fixed length control field | 200128b ||||| |||| 00| 0 eng d |
| 082 00 - DEWEY DECIMAL CLASSIFICATION NUMBER | |
| Classification number | 604.262180246238 |
| Item number | B3931 |
| 100 ## - MAIN ENTRY--PERSONAL NAME | |
| 9 (RLIN) | 1276 |
| Personal name | Beck, H. G. |
| 245 10 - TITLE STATEMENT | |
| Title | Reed's Vol. 11: engineering drawing for marine engineers / |
| 250 ## - EDITION STATEMENT | |
| Edition statement | 1st ed. |
| 260 ## - PUBLICATION, DISTRIBUTION, ETC. (IMPRINT) | |
| Place of publication, distribution, etc | London: |
| Name of publisher, distributor, etc | Thomas Reed, |
| Date of publication, distribution, etc | 1973. |
| 300 ## - PHYSICAL DESCRIPTION | |
| Extent | 167 p. |
| 490 0# - SERIES STATEMENT | |
| Series statement | Reed's practical mathematical series; |
| Volume number/sequential designation | Vol. 11 |
| 650 #0 - SUBJECT ADDED ENTRY--TOPICAL TERM | |
| Topical term or geographic name as entry element | Engineering drawing |
| 942 ## - ADDED ENTRY ELEMENTS (KOHA) | |
| Source of classification or shelving scheme | |
| Item type | Books |
| Withdrawn status | Lost status | Source of classification or shelving scheme | Damaged status | Not for loan | Permanent location | Current location | Date acquired | Full call number | Barcode | Date last seen | Koha item type | Source of acquisition | Cost, replacement price | Total Checkouts | Checked out | Date last borrowed |
|---|---|---|---|---|---|---|---|---|---|---|---|---|---|---|---|---|
| IMU Kolkata | IMU Kolkata | 2020-01-28 | 604.262180246238 B3931 | 04536 | 2020-01-28 | Books | ||||||||||
| IMU Kolkata | IMU Kolkata | 2020-01-28 | 604.262180246238 B3931 | 04537 | 2020-01-28 | Books | ||||||||||
| IMU Kolkata | IMU Kolkata | 2020-01-28 | 604.262180246238 B3931 | 04538 | 2020-01-28 | Books | ||||||||||
| IMU Kolkata | IMU Kolkata | 2020-01-28 | 604.262180246238 B3931 | 04539 | 2020-01-28 | Books | ||||||||||
| IMU Kolkata | IMU Kolkata | 2000-05-04 | 604.262180246238 B3931 | 09057 | 2020-02-05 | Books | Sterling Book House | 1951.43 | ||||||||
| IMU Kolkata | IMU Kolkata | 2000-08-16 | 604.262180246238 B3931 | 09284 | 2020-02-07 | Books | Jyoti, the Book People | 1887.71 | ||||||||
| IMU Kolkata | IMU Kolkata | 2002-09-10 | 604.262180246238 B3931 | 09417 | 2020-02-11 | Books | Sterling Book House | 1940.80 | ||||||||
| IMU Kolkata | IMU Kolkata | 2020-03-06 | 604.262180246238 B3931 | 04759 | 2020-03-06 | Books | ||||||||||
| IMU Kolkata | IMU Kolkata | 2020-03-06 | 604.262180246238 B3931 | 04760 | 2023-01-27 | Books | 1 | 2023-07-26 | 2023-01-27 |